When they were 22 : (Record no. 14303)
[ view plain ]
| 000 -LEADER | |
|---|---|
| fixed length control field | 01422cam a2200349 i 4500 |
| 001 - CONTROL NUMBER | |
| control field | 14186973 |
| 003 - CONTROL NUMBER IDENTIFIER | |
| control field | EG-ScBUE |
| 005 - DATE AND TIME OF LATEST TRANSACTION | |
| control field | 20230725132935.0 |
| 008 - FIXED-LENGTH DATA ELEMENTS--GENERAL INFORMATION | |
| fixed length control field | 051202t2006 mou f b 000 0ceng d |
| 020 ## - INTERNATIONAL STANDARD BOOK NUMBER | |
| International Standard Book Number | 9780740758102 |
| 020 ## - INTERNATIONAL STANDARD BOOK NUMBER | |
| International Standard Book Number | 0740758101 |
| 040 ## - CATALOGING SOURCE | |
| Original cataloging agency | DLC |
| Language of cataloging | eng |
| Description conventions | rda |
| Transcribing agency | DLC |
| Modifying agency | DLC |
| -- | EG-ScBUE |
| 082 04 - DEWEY DECIMAL CLASSIFICATION NUMBER | |
| Classification number | 920.00904 |
| Edition number | 22 |
| Item number | DUN |
| 100 1# - MAIN ENTRY--PERSONAL NAME | |
| Personal name | Dunn, Brad, |
| Dates associated with a name | 1973- |
| Relator term | author. |
| 9 (RLIN) | 15532 |
| 245 10 - TITLE STATEMENT | |
| Title | When they were 22 : |
| Remainder of title | 100 famous people at the turning point in their lives / |
| Statement of responsibility, etc | Brad Dunn. |
| 264 #1 - PUBLICATION, DISTRIBUTION, ETC. (IMPRINT) | |
| Place of publication, distribution, etc | Kansas City, Mo. : |
| Name of publisher, distributor, etc | Andrews McMeel Publication, |
| Date of publication, distribution, etc | [2006] |
| 264 #4 - PUBLICATION, DISTRIBUTION, ETC. (IMPRINT) | |
| Date of publication, distribution, etc | c2006 |
| 300 ## - PHYSICAL DESCRIPTION | |
| Extent | 179 pages ; |
| Dimensions | 19 cm |
| 336 ## - CONTENT TYPE | |
| Source | rdacontent |
| Content type term | text |
| Content type code | txt |
| 337 ## - MEDIA TYPE | |
| Source | rdamedia |
| Media type term | unmediated |
| Media type code | n |
| 338 ## - CARRIER TYPE | |
| Source | rdacarrier |
| Carrier type term | volume |
| Carrier type code | nc |
| 504 ## - BIBLIOGRAPHY, ETC. NOTE | |
| Bibliography, etc | Includes bibliographical references. |
| 650 #7 - SUBJECT ADDED ENTRY--TOPICAL TERM | |
| Topical term or geographic name as entry element | Celebrities |
| Form subdivision | Biography. |
| Source of heading or term | BUEsh |
| 9 (RLIN) | 15533 |
| 650 #7 - SUBJECT ADDED ENTRY--TOPICAL TERM | |
| Topical term or geographic name as entry element | Biography |
| Chronological subdivision | 20th century. |
| Source of heading or term | BUEsh |
| 9 (RLIN) | 15534 |
| 650 #7 - SUBJECT ADDED ENTRY--TOPICAL TERM | |
| Topical term or geographic name as entry element | Life change events. |
| Source of heading or term | BUEsh |
| 9 (RLIN) | 15535 |
| 655 ## - INDEX TERM--GENRE/FORM | |
| Form subdivision | Reading book |
| 856 42 - ELECTRONIC LOCATION AND ACCESS | |
| Materials specified | Publisher description |
| Uniform Resource Identifier | <a href="http://www.loc.gov/catdir/enhancements/fy0630/2005057170-d.html">http://www.loc.gov/catdir/enhancements/fy0630/2005057170-d.html</a> |
| 856 42 - ELECTRONIC LOCATION AND ACCESS | |
| Materials specified | Contributor biographical information |
| Uniform Resource Identifier | <a href="http://www.loc.gov/catdir/enhancements/fy0740/2005057170-b.html">http://www.loc.gov/catdir/enhancements/fy0740/2005057170-b.html</a> |
| 942 ## - ADDED ENTRY ELEMENTS (KOHA) | |
| Source of classification or shelving scheme | Dewey Decimal Classification |
| Koha item type | Book - Borrowing |
| Withdrawn status | Lost status | Source of classification or shelving scheme | Damaged status | Not for loan | Collection code | Home library | Current library | Shelving location | Date acquired | Source of acquisition | Cost, normal purchase price | Serial Enumeration / chronology | Total Checkouts | Total Renewals | Full call number | Barcode | Checked out | Date last seen | Date checked out | Price effective from | Koha item type |
|---|---|---|---|---|---|---|---|---|---|---|---|---|---|---|---|---|---|---|---|---|---|
| Dewey Decimal Classification | Baccah | Central Library | Central Library | Second Floor | 30/06/2010 | 130.00 | 10487 | 7 | 5 | 920.00904 DUN | 000021141 | 20/11/2025 | 21/10/2025 | 21/10/2025 | 30/06/2010 | Book - Borrowing |